Представление документа в формате RUSMARC

Поле Инд. ПП Название Значение
Тип записи a
Библиографический уровень m
001 _ Контрольный номер RU\infra-m\znanium\bibl\2130355
003 _ Постоянный идентификатор записи https://znanium.ru/catalog/document?id=449841
005 _ Дата корректировки 20240829142202.1
010 a ISBN 978-5-91768-930-2
010 a ISBN 978-5-16-106608-9
b Уточнения электр. издание
010 a ISBN 978-5-16-014065-0
b Уточнения ISBN соиздателя
100 a Данные общей обработки 20240717d2024 m y0rusy0150 ca
101 0_ a Язык текста rus
102 a Страна публикации RU
200 1_ a Заглавие История России
e Сведения, относящиеся к заглавию Учебник
f Первые сведения об ответственности Российский экономический университет им. Г.В. Плеханова
205 a Основные сведения об издании 7
b Дополнительные сведения об издании перераб. и доп.
210 1_ a Место издания Москва
c Издательство ООО "Юридическое издательство Норма"
d Дата издания 2025
215 a Объем 512 с.
330 a Аннотация Автор последовательно анализирует сложные противоречивые исторические процессы в России руководствуясь принципами объективности историзма социологического подхода. Вучебнике рассматриваются наиболее важные проблемы определяющие пути исторического развития России от расселения славян на Восточно-Европейской равнине и до XXI в. В заключение анализируются исторические проблемы характерные для современной России. Вприложениях приведен ряд важных документов и материалов по истории России. Настоящее издание дополнено главой об исторической судьбе Крыма. Для студентов аспирантов и преподавателей вузов а также для читателей интересующихся отечественной историей.
333 a Примечание о целевом назначении ВО - Бакалавриат
606 a Основная рубрика История. Исторические науки
x Основная подрубрика Общие работы по истории России
2 Код системы local
608 a Жанр/форма Учебник
2 Код системы local
675 a Индекс УДК 947(075.8)
z Язык издания rus
686 a Систематический индекс 63.3(2)я73
2 Код системы rubbk
686 a Систематический индекс 00.03.04
2 Код системы okso
686 a Систематический индекс 00.05.04
2 Код системы okso
686 a Систематический индекс 05.03.06
2 Код системы okso
686 a Систематический индекс 09.03.01
2 Код системы okso
686 a Систематический индекс 18.03.01
2 Код системы okso
686 a Систематический индекс 19.03.01
2 Код системы okso
686 a Систематический индекс 23.03.02
2 Код системы okso
686 a Систематический индекс 24.03.03
2 Код системы okso
686 a Систематический индекс 35.03.08
2 Код системы okso
686 a Систематический индекс 38.03.01
2 Код системы okso
686 a Систематический индекс 40.03.01
2 Код системы okso
686 a Систематический индекс 41.03.01
2 Код системы okso
686 a Систематический индекс 41.03.04
2 Код системы okso
686 a Систематический индекс 41.03.05
2 Код системы okso
686 a Систематический индекс 41.03.06
2 Код системы okso
686 a Систематический индекс 43.03.01
2 Код системы okso
686 a Систематический индекс 43.03.02
2 Код системы okso
686 a Систематический индекс 44.03.01
2 Код системы okso
686 a Систематический индекс 44.03.05
2 Код системы okso
686 a Систематический индекс 44.05.01
2 Код системы okso
686 a Систематический индекс 45.05.01
2 Код системы okso
686 a Систематический индекс 46.03.01
2 Код системы okso
686 a Систематический индекс 46.03.03
2 Код системы okso
686 a Систематический индекс 46.04.01
2 Код системы okso
686 a Систематический индекс 50.03.03
2 Код системы okso
700 _1 a Фамилия Мунчаев
b Имя Ш. М.
g Полное личное имя Шамиль Магомедович
p Наименование/ адрес организации Российский экономический университет им. Г.В. Плеханова
801 _0 a Страна RU
b Организация Общество с ограниченной ответственностью «ЗНАНИУМ»
c Дата составления 20231123
2 Код формата rusmarc
856 4_ a Внешний URL ресурс znanium.ru
m Координаты для получения помощи по доступу ebs_support@infra-m.ru
n Название местонахождения сервера НИЦ ИНФРА-М
u URL https://znanium.ru/catalog/document?id=449841
856 41 a Внешний URL ресурс znanium.ru
d Путь (Path) /cover/2130
f Электронное имя 2130355.jpg
q Тип электронного формата image/jpeg
u URL https://znanium.ru/cover/2130/2130355.jpg